[Event "Landesliga Nord 0910"]
[Site "Bayern"]
[Date "2010.02.07"]
[Round "6.1"]
[White "Effmert, Thomas"]
[Black "Lauer, Moritz"]
[Result "0-1"]
[WhiteElo "2258"]
[BlackElo "2299"]
[PlyCount "56"]
[EventDate "2009.10.18"]
[EventType "team-tourn"]
[EventRounds "9"]
[EventCountry "GER"]
[SourceTitle "EXT 2011"]
[Source "ChessBase"]
[SourceDate "2010.11.26"]
[SourceVersion "1"]
[SourceVersionDate "2010.11.26"]
[SourceQuality "1"]
[WhiteTeam "Schweinfurt"]
[BlackTeam "Puschendorf"]
[WhiteTeamCountry "GER"]
[BlackTeamCountry "GER"]

1. e4 d6 2. d4 Nf6 3. Bd3 e5 4. c3 Nc6 5. Ne2 d5 6. Bg5 Be7 7. exd5 Qxd5 8. Bxf6 Bxf6 9. 0-0 exd4 10. Nf4 Qd6 11. Re1+ Be7 12. g3 Bd7 13. Nd2 0-0-0 14. c4 f5 15. Nd5 Rhe8 16. Nf3 Bf6 17. Qc2 g6 18. Qd2 Bg7 19. Ng5 Bh6 20. f4 Bxg5 21. fxg5 Ne5 22. Rf1 Bc6 23. Nf6 Re7 24. Qd1 h6 25. c5 Qxc5 26. gxh6 Qd6 27. Nh5 Qd5 28. Nf4 Qh1+ 0-1

[Event "Regionalliga NW 0708"]
[Site "Bayern"]
[Date "2008.04.20"]
[Round "9.2"]
[White "Stauch, Edgar"]
[Black "Effmert, Thomas"]
[Result "1/2-1/2"]
[WhiteElo "2091"]
[BlackElo "2269"]
[PlyCount "55"]
[EventDate "2007.10.21"]
[EventType "team-tourn"]
[EventRounds "9"]
[EventCountry "GER"]
[SourceTitle "EXT 2009"]
[Source "ChessBase"]
[SourceDate "2008.11.26"]
[SourceVersion "1"]
[SourceVersionDate "2008.11.26"]
[SourceQuality "1"]
[WhiteTeam "Kronach"]
[BlackTeam "Schweinfurt"]
[WhiteTeamCountry "GER"]
[BlackTeamCountry "GER"]

1. c4 Nc6 2. e4 e5 3. Nc3 Bc5 4. Nf3 Nf6 5. Be2 d6 6. 0-0 Nd4 7. d3 Nxe2+ 8. Qxe2 c6 9. h3 h6 10. Na4 Bb4 11. a3 Ba5 12. b4 Bc7 13. d4 exd4 14. Nxd4 Qe7 15. Re1 0-0 16. Bf4 Re8 17. Nc3 Nd7 18. Rad1 Qf6 19. Bg3 Bb6 20. Qd3 Ne5 21. Bxe5 dxe5 22. Nf3 Rd8 23. Qe2 Be6 24. c5 Bc7 25. Rxd8+ Rxd8 26. Rd1 a6 27. Rxd8+ Qxd8 28. a4 1/2-1/2

[Event "Oberliga Bayern 0001"]
[Site "Bayern"]
[Date "2001.03.11"]
[Round "7"]
[White "Pitschka, Claus"]
[Black "Effmert, Thomas"]
[Result "0-1"]
[WhiteElo "2260"]
[BlackElo "2265"]
[PlyCount "74"]
[EventDate "2000.10.15"]
[EventType "team-tourn"]
[EventRounds "9"]
[EventCountry "GER"]
[SourceTitle "EXT 2020"]
[Source "ChessBase"]
[SourceDate "2019.10.17"]
[SourceVersion "1"]
[SourceVersionDate "2019.10.17"]
[SourceQuality "1"]
[WhiteTeam "Schwabing SG Nord"]
[BlackTeam "Marktheidenfeld"]
[WhiteTeamCountry "GER"]
[BlackTeamCountry "GER"]

1. d4 Nc6 2. Nf3 d5 3. Bf4 Bg4 4. e3 a6 5. c4 e6 6. Nc3 Nf6 7. h3 Bh5 8. Be2 dxc4 9. Bxc4 Bd6 10. Bxd6 Qxd6 11. Be2 0-0 12. 0-0 Rfd8 13. Qb3 b5 14. Rfd1 Bg6 15. a3 Na5 16. Qa2 Bc2 17. Rdc1 Bb3 18. Qb1 Rac8 19. Nd2 e5 20. Nde4 Nxe4 21. Nxe4 Qe7 22. dxe5 Qxe5 23. Rc5 Bd5 24. b4 Nb7 25. Rxd5 Rxd5 26. f4 Qe7 27. Bf3 Rcd8 28. Kh1 c6 29. Ng5 Rd3 30. Be2 Qxe3 31. Bxd3 Rxd3 32. Qc2 h6 33. Qxc6 Nd8 34. Qxa6 hxg5 35. fxg5 Qxg5 36. a4 Qd5 37. axb5 Rxh3+ 0-1

[Event "Oberliga Bayern 0001"]
[Site "Bayern"]
[Date "2001.01.28"]
[Round "5"]
[White "Albeker, Mark"]
[Black "Effmert, Thomas"]
[Result "0-1"]
[WhiteElo "2130"]
[BlackElo "2265"]
[PlyCount "76"]
[EventDate "2000.10.15"]
[EventType "team-tourn"]
[EventRounds "9"]
[EventCountry "GER"]
[SourceTitle "EXT 2020"]
[Source "ChessBase"]
[SourceDate "2019.10.17"]
[SourceVersion "1"]
[SourceVersionDate "2019.10.17"]
[SourceQuality "1"]
[WhiteTeam "Haunstetten TSV"]
[BlackTeam "Marktheidenfeld"]
[WhiteTeamCountry "GER"]
[BlackTeamCountry "GER"]

1. d4 Nc6 2. Nf3 d5 3. Bf4 Bg4 4. e3 a6 5. Be2 e6 6. 0-0 h5 7. c4 dxc4 8. h3 Bd6 9. hxg4 Bxf4 10. exf4 hxg4 11. Ng5 Qf6 12. Bxg4 Qxf4 13. Nh3 Qxd4 14. Qxd4 Nxd4 15. Na3 f5 16. Bd1 b5 17. Re1 Rh6 18. Ng5 Ne7 19. Nc2 Nec6 20. Ne3 Nb4 21. Nf3 Nd3 22. Nxd4 Nxe1 23. Bh5+ Rxh5 24. Rxe1 Kf7 25. g4 fxg4 26. Nxg4 Rd8 27. Re4 Rd6 28. f4 c5 29. Nf3 Rd1+ 30. Kg2 Ra1 31. Ng5+ Rxg5 32. fxg5 Rxa2 33. Ne5+ Ke8 34. Nc6 c3 35. Rxe6+ Kd7 36. Rg6 cxb2 37. Ne5+ Kc8 38. Rc6+ Kb7 0-1

[Event "BL2-Ost 9900"]
[Site "Germany"]
[Date "2000.04.09"]
[Round "9.5"]
[White "Effmert, Thomas"]
[Black "Haensel, Thomas"]
[Result "1-0"]
[WhiteElo "2225"]
[BlackElo "2260"]
[PlyCount "33"]
[EventDate "1999.10.10"]
[EventType "team-tourn"]
[EventRounds "9"]
[EventCountry "GER"]
[SourceTitle "CBM 075 Extra"]
[Source "ChessBase"]
[SourceDate "2000.05.11"]
[SourceVersion "2"]
[SourceVersionDate "2000.05.11"]
[SourceQuality "1"]
[WhiteTeam "Marktheidenfeld"]
[BlackTeam "Erfurt Empor"]
[WhiteTeamCountry "GER"]
[BlackTeamCountry "GER"]

1. e4 c5 2. b3 d6 3. Bb2 e5 4. Ne2 Nc6 5. Ng3 Nf6 6. Bb5 Be7 7. 0-0 0-0 8. Bxc6 bxc6 9. d3 Be6 10. Nd2 Nd7 11. Nc4 Nb6 12. Ne3 Bg5 13. Nef5 Nd5 14. Qg4 Bxf5 15. Nxf5 g6 16. f4 Bxf4 17. Rxf4 1-0

[Event "BL2-Ost 9900"]
[Site "Germany"]
[Date "1999.10.10"]
[Round "1.5"]
[White "Effmert, Thomas"]
[Black "Schunk, Eduard"]
[Result "0-1"]
[WhiteElo "2225"]
[BlackElo "2260"]
[PlyCount "45"]
[EventDate "1999.10.10"]
[EventType "team-tourn"]
[EventRounds "9"]
[EventCountry "GER"]
[SourceTitle "CBM 074 Extra"]
[Source "ChessBase"]
[SourceDate "2000.03.10"]
[SourceVersion "2"]
[SourceVersionDate "2000.03.10"]
[SourceQuality "1"]
[WhiteTeam "Marktheidenfeld"]
[BlackTeam "Bamberg"]
[WhiteTeamCountry "GER"]
[BlackTeamCountry "GER"]

1. e4 e5 2. Bc4 Nc6 3. Nf3 Nf6 4. Ng5 d5 5. exd5 Nd4 6. c3 b5 7. Bf1 Nxd5 8. h4 Nc6 9. Bxb5 Bb7 10. d4 exd4 11. 0-0 Be7 12. Qxd4 0-0 13. Qa4 Qd6 14. Rd1 Bxg5 15. Bxg5 Qe6 16. Nd2 a6 17. Bd3 Ne5 18. Re1 h6 19. Bf4 Nxf4 20. Bf1 Qg4 21. Qd4 Bxg2 22. Qxf4 Qxf4 23. Bxg2 0-1

[Event "Oberliga Bayern 9899"]
[Site "Bayern"]
[Date "1999.04.11"]
[Round "7.2"]
[White "Effmert, Thomas"]
[Black "Unzicker, Ferdinand"]
[Result "1-0"]
[WhiteElo "2250"]
[BlackElo "2265"]
[PlyCount "61"]
[EventDate "1998.10.11"]
[EventType "team-tourn"]
[EventRounds "9"]
[EventCountry "GER"]
[SourceTitle "EXT 2020"]
[Source "ChessBase"]
[SourceDate "2019.10.17"]
[SourceVersion "1"]
[SourceVersionDate "2019.10.17"]
[SourceQuality "1"]
[WhiteTeam "Erlangen TB"]
[BlackTeam "Milbertshofen (SG Schwabing)"]
[WhiteTeamCountry "GER"]
[BlackTeamCountry "GER"]

1. e4 c6 2. d4 d5 3. Nd2 dxe4 4. Nxe4 Nd7 5. Bg5 Ngf6 6. Nxf6+ gxf6 7. Bd2 Qb6 8. Bc3 Qc7 9. Qh5 e6 10. Nh3 b5 11. a4 b4 12. Bd2 Nb6 13. Nf4 Bd6 14. Qh6 Bxf4 15. Bxf4 Qd8 16. a5 Nd5 17. Bd2 Rb8 18. Bc4 Qe7 19. Qg7 Qf8 20. Qg3 Rb7 21. a6 Rb6 22. 0-0 Rg8 23. Qf3 Qd6 24. Rfe1 Ke7 25. Re4 Bd7 26. Rh4 Rg7 27. Re1 Bc8 28. Rh6 Rg6 29. Rxh7 Bxa6 30. Bxa6 Rxa6 31. Qd3 1-0

[Event "Oberliga Bayern 9899"]
[Site "Bayern"]
[Date "1998.11.15"]
[Round "3.2"]
[White "Kraeussling, Andreas"]
[Black "Effmert, Thomas"]
[Result "1-0"]
[WhiteElo "2270"]
[BlackElo "2250"]
[PlyCount "80"]
[EventDate "1998.10.11"]
[EventType "team-tourn"]
[EventRounds "9"]
[EventCountry "GER"]
[SourceTitle "EXT 2020"]
[Source "ChessBase"]
[SourceDate "2019.10.17"]
[SourceVersion "1"]
[SourceVersionDate "2019.10.17"]
[SourceQuality "1"]
[WhiteTeam "Marktheidenfeld"]
[BlackTeam "Erlangen TB"]
[WhiteTeamCountry "GER"]
[BlackTeamCountry "GER"]

1. d4 c5 2. d5 e5 3. e4 d6 4. Be2 f5 5. Nc3 a6 6. f4 fxe4 7. fxe5 dxe5 8. Nxe4 Qh4+ 9. Ng3 e4 10. Qd2 Bd6 11. Qg5 Bxg3+ 12. Qxg3 Qxg3+ 13. hxg3 Nf6 14. c4 Bf5 15. Nh3 Nbd7 16. 0-0 g6 17. Nf2 h5 18. Nd1 Ng4 19. Ne3 Nxe3 20. Bxe3 0-0 21. a3 Rac8 22. b4 cxb4 23. axb4 Ne5 24. c5 Nd3 25. Rab1 Rfd8 26. d6 Kf7 27. Bxh5 Ke6 28. Bd1 Ke5 29. Bg5 Rd7 30. g4 Rh8 31. Be2 Rdh7 32. Bxd3 e3 33. Rxf5+ Kd4 34. Rd5+ Kxd5 35. Bxe3 Rh1+ 36. Kf2 Rf8+ 37. Kg3 Rxb1 38. Bxb1 Re8 39. Bg5 Ke6 40. Bxg6 Rg8 1-0

[Event "Oberliga Bayern 9899"]
[Site "Bayern"]
[Date "1998.10.11"]
[Round "1.1"]
[White "Effmert, Thomas"]
[Black "Cech, Pavel"]
[Result "1/2-1/2"]
[WhiteElo "2250"]
[BlackElo "2355"]
[PlyCount "37"]
[EventDate "1998.10.11"]
[EventType "team-tourn"]
[EventRounds "9"]
[EventCountry "GER"]
[SourceTitle "EXT 2020"]
[Source "ChessBase"]
[SourceDate "2019.10.17"]
[SourceVersion "1"]
[SourceVersionDate "2019.10.17"]
[SourceQuality "1"]
[WhiteTeam "Erlangen TB"]
[BlackTeam "Bindlach"]
[WhiteTeamCountry "GER"]
[BlackTeamCountry "GER"]

1. e4 e6 2. d4 d5 3. Nd2 Nf6 4. e5 Nfd7 5. Bd3 c5 6. c3 Nc6 7. Ne2 cxd4 8. cxd4 f6 9. Nf4 Nxd4 10. Qh5+ Ke7 11. Ng6+ hxg6 12. exf6+ Nxf6 13. Qxh8 e5 14. Bxg6 e4 15. 0-0 Ne2+ 16. Kh1 Nf4 17. Bh7 Nd3 18. b3 Qa5 19. Nf3 1/2-1/2